<?xml version="1.0" encoding="UTF-8"?><?xml-stylesheet type="text/xsl" href="static/style.xsl"?><OAI-PMH xmlns="http://www.openarchives.org/OAI/2.0/" xmlns:xsi="http://www.w3.org/2001/XMLSchema-instance" xsi:schemaLocation="http://www.openarchives.org/OAI/2.0/ http://www.openarchives.org/OAI/2.0/OAI-PMH.xsd"><responseDate>2026-04-13T13:18:35Z</responseDate><request verb="GetRecord" identifier="oai:www.recercat.cat:2072/404644" metadataPrefix="marc">https://recercat.cat/oai/request</request><GetRecord><record><header><identifier>oai:recercat.cat:2072/404644</identifier><datestamp>2026-04-04T23:56:47Z</datestamp><setSpec>com_2072_98</setSpec><setSpec>col_2072_378192</setSpec></header><metadata><record xmlns="http://www.loc.gov/MARC21/slim" xmlns:dcterms="http://purl.org/dc/terms/" xmlns:xsi="http://www.w3.org/2001/XMLSchema-instance" xmlns:doc="http://www.lyncode.com/xoai" xsi:schemaLocation="http://www.loc.gov/MARC21/slim http://www.loc.gov/standards/marcxml/schema/MARC21slim.xsd">
   <leader>00925njm 22002777a 4500</leader>
   <datafield ind2=" " ind1=" " tag="042">
      <subfield code="a">dc</subfield>
   </datafield>
   <datafield ind2=" " ind1=" " tag="720">
      <subfield code="a">Fernández, Rosa María</subfield>
      <subfield code="e">author</subfield>
   </datafield>
   <datafield ind2=" " ind1=" " tag="260">
      <subfield code="c">2013</subfield>
   </datafield>
   <datafield ind2=" " ind1=" " tag="520">
      <subfield code="a">El compositor espanyol Octavio Vázquez (Santiago de Compostel·la, 1972) ha desenvolupat gran part de la seva activitat musical als Estats Units a partir d'un fort arrelament a la seva Galícia natal, una relació que marca la seva obra i la seva estètica, lligada a la tradició postromàntica. L'objectiu d'aquest text és analitzar la trajectòria que ha seguit el músic que presentem i atansar-se als trets compositius de la seva personalitat.</subfield>
   </datafield>
   <datafield ind2=" " ind1=" " tag="520">
      <subfield code="a">Der spanische Komponist Octavio Vázquez (Santiago de Compostela, 1972) hat einen Großteil seiner Musiktätigkeit in den Vereinigten Staaten verwirklicht, ohne dabei seine engen Beziehungen mit seiner Heimat Galizien aufzugeben, eine Beziehung, die sein Werk und seine in der postromanistischen Tradition verwurzelte Ästhetik bestimmt. Die Analyse seines Werdegangs und die Annäherung an seine kompositorischen Wesenszüge sind das Ziel dieses Textes.</subfield>
   </datafield>
   <datafield ind2=" " ind1=" " tag="520">
      <subfield code="a">Spanish composer Octavio Vázquez (Santiago de Compostela, 1972) has spent most of his musical career in the US, though with strong roots in his native Galicia, a relationship that marks his work and aesthetic which are embedded in post-Romantic tradition. Analysing his career and compositional features are the subject of this text.</subfield>
   </datafield>
   <datafield ind2=" " ind1=" " tag="520">
      <subfield code="a">El compositor español Octavio Vázquez (Santiago de Compostela, 1972) ha desarrollado gran parte de su actividad musical en Estados Unidos a partir de una fuerte raigambre en su Galicia natal, una relación que marca su obra y su estética, enclavada en la tradición postromántica. Analizar su trayectoria y acercarse a sus rasgos compositivos son el objeto de este texto.</subfield>
   </datafield>
   <datafield ind2=" " ind1=" " tag="520">
      <subfield code="a">Le compositeur espagnol Octavio Vázquez (Saint-Jacques de Compostelle, 1972) a développé grande part de son activité musicale aux Etats-Unis, à partir d'un enracinement profond dans sa Galice natale - relation qui marque son oeuvre et son esthétique, enclavée dans la tradition postromantique. L'objectif de ce texte est d'analyser sa trajectoire et de proposer une approche des caractéristiques de sa composition.</subfield>
   </datafield>
   <datafield tag="653" ind2=" " ind1=" ">
      <subfield code="a">Octavio Vázquez</subfield>
   </datafield>
   <datafield tag="653" ind2=" " ind1=" ">
      <subfield code="a">Composició gallega contemporània</subfield>
   </datafield>
   <datafield tag="653" ind2=" " ind1=" ">
      <subfield code="a">Estètica</subfield>
   </datafield>
   <datafield tag="653" ind2=" " ind1=" ">
      <subfield code="a">EUA</subfield>
   </datafield>
   <datafield tag="653" ind2=" " ind1=" ">
      <subfield code="a">Zeitgenössische komposition galiziens</subfield>
   </datafield>
   <datafield tag="653" ind2=" " ind1=" ">
      <subfield code="a">Ästhetik</subfield>
   </datafield>
   <datafield tag="653" ind2=" " ind1=" ">
      <subfield code="a">USA</subfield>
   </datafield>
   <datafield tag="653" ind2=" " ind1=" ">
      <subfield code="a">Contemporary galician composition</subfield>
   </datafield>
   <datafield tag="653" ind2=" " ind1=" ">
      <subfield code="a">Aesthetics</subfield>
   </datafield>
   <datafield tag="653" ind2=" " ind1=" ">
      <subfield code="a">US</subfield>
   </datafield>
   <datafield tag="653" ind2=" " ind1=" ">
      <subfield code="a">Composición gallega contemporánea</subfield>
   </datafield>
   <datafield tag="653" ind2=" " ind1=" ">
      <subfield code="a">Estética</subfield>
   </datafield>
   <datafield tag="653" ind2=" " ind1=" ">
      <subfield code="a">EE. UU</subfield>
   </datafield>
   <datafield tag="653" ind2=" " ind1=" ">
      <subfield code="a">Composition galicienne contemporaine</subfield>
   </datafield>
   <datafield tag="653" ind2=" " ind1=" ">
      <subfield code="a">Esthétique</subfield>
   </datafield>
   <datafield tag="653" ind2=" " ind1=" ">
      <subfield code="a">États-unis</subfield>
   </datafield>
   <datafield ind2="0" ind1="0" tag="245">
      <subfield code="a">La composició contemporània gallega als Estats Units : Octavio Vázquez</subfield>
   </datafield>
</record></metadata></record></GetRecord></OAI-PMH>